Estadísticas para Participantes de internacional de Red Bull

Haz click aquí para intentar la prueba.

Estadísticas generales

  • Esta prueba ha sido intentada 108 veces
    (42 desde el último reinicio)
  • La puntuación promedio es 41 de 129

Estadísticas de respuestas

Año debutParticipante% Correcto
2014Aczino
90%
2013Chuty
90%
2017Wos
90%
2013Dtoke
84%
2016Skone
84%
2019Trueno
84%
2009Arkano
81%
2016Valles T
81%
2018Bnet
77%
2017g
77%
2014Invert
77%
2021Gazir
71%
2018Rapder
71%
2005Frescolate
68%
2018Jaze
68%
2013Jony b
68%
2021Marithea
68%
2007Noult
68%
2016Papo
68%
2008Piezas
68%
2015Jota
65%
2021RC
65%
2019Zasko
65%
2014Kaiser
61%
2019Lobo Estepario
58%
2006Rayden
58%
2014Sony
58%
2013Stick
58%
2013Stigma
58%
2021Klan
55%
2018Letra
55%
2008Mcklopedia
55%
2021Skiper
55%
2019Jokker
52%
2019Chang
48%
2007El B
48%
2020Exodo Lirical
48%
2019SNK
48%
2019Carpediem
45%
2018Dozer
45%
2016Lancer Lirical
45%
2007Link One
45%
2019Litzen
45%
2017Pepe Grillo
45%
2020Tata
45%
2008Hadrian
42%
2015Tom Crowley
42%
2019Yartzi
42%
2017Yenki One
42%
2020Acertijo
39%
2017Elevn
39%
2021Reverse
39%
2008Basek
35%
2017Choque
35%
2018Indico
35%
2021Jair Wong
35%
2021P8
35%
2019Franco
32%
2021Hammer
32%
2019Tito
32%
2021Alfredozki
29%
2016Drose
29%
2020Naicen
29%
2018Neon
29%
2020Shield Master
29%
2018Switch
29%
2018KDT
26%
2020Minos
26%
2007Nitro
26%
2014Big Killa
23%
2014Carlitos
23%
2016Gasper
23%
2017Gaviria
23%
2018Yeriko
23%
2005El niño
19%
2015Imigrante
19%
2018RVS
19%
2020Mac
16%
2013Ceka
13%
2013Doggy fresh
13%
2017Melvin la cura
13%
2016Od
13%
2009Chester
10%
2006CNO
10%
2007Jay-co
10%
2014Oze
10%
2017Tanque
10%
20083 segundos
6%
2006Biancucci
6%
2005Ehler Danloss
6%
2016El ciudadano
6%
2008Mena
6%
2015Mr Junior
6%
2016Shadow
6%
2005Tek One
6%
20082n
3%
2007Alvin
3%
2007Cbos
3%
2016Cehzar
3%
2008Codigo
3%
2005Crooklyn
3%
2007Eptos one
3%
2006Junior
3%
2007Kim
3%
2006mc r loko
3%
2005Nice and Smooth
3%
2008Obie One
3%
2015Penzattore
3%
2006Piddy pa
3%
2017Redencion
3%
2006Sammy Cultura
3%
2006T-killa
3%
2013Zaeta flow
3%
2006Adversario
0%
2005Alstylo
0%
2008Bandi2
0%
2006Candy Man
0%
2006Deeflow
0%
2007De negro
0%
2008El pope
0%
2007Esnou
0%
2007Franz
0%
2006Insano
0%
2007Jannibal
0%
2006Matista
0%
2008Mr fer
0%
2006Rapper one
0%
2007Risco
0%
2005Tito Yang
0%

Distribución de puntuación

Porcentaje por número respondido

Porcentaje de gente con cada puntuación

Historial de tus puntuaciones

No has intentado esta prueba desde el último reinicio